000 00883nam a2200265Ia 4500
003 OSt
005 20221005050938.0
006 a|||||r|||| 00| 0
007 ta
008 221004b |||||||| |||| 00| 0 eng d
020 _a9789004235274 (hbk)
_c7844.34
024 _a22479
037 _b12208, 26/03/2015, Elite Publishers Distributors
_cTextual
040 _aCRL
_cCRL
_beng
041 _2eng
_aeng
082 _aP4491:3, Q3
100 _aAbbi Anvita
245 0 _aGrammar of the great andamanese language
_b An ethnolinguistic study
260 _aLeiden
_bBrill The Netherlands
_c2013
300 _axxvii, 300p.
_ccm.
490 _aBrill's studies in South and Southwest Asian language; Vol. 4
650 _aLINGUISTICS
942 _hP4491:3, Q3
_cTEXL
_2cc
999 _c957990
_d957990